Städte nach Bild #1 - Statistiken

Allgemein
  • Dieses Quiz wurde 21.820 mal gespielt
  • Das Durchschnittsergebnis liegt bei 13 aus 18
Antwortstatistiken
Bildquiz Antwort % Korrekt
Paris
100%
London
96%
Rio de Janeiro
93%
Sydney
92%
Athen
91%
Moskau
91%
Rom
85%
Amsterdam
82%
Dubai
82%
Washington D.C.
78%
Tokio
73%
Barcelona
67%
Istanbul
59%
Seattle
48%
Shanghai
41%
Toronto
38%
Kuala Lumpur
32%
Mekka
23%
Keine übereinstimmenden Quizze gefunden
Verteilung der Resultate
Anzahl Personen mit jedem Resultat
Perzentil nach korrekt beantworteten Fragen
Ihre Resultats-Entwicklung
Sie haben dieses Quiz noch nicht gespielt